| 000 | 00723nam a2200205 i 4500 | ||
|---|---|---|---|
| 001 | 149463 | ||
| 003 | ES-MaACL | ||
| 007 | t| | ||
| 008 | 071022s1982 mx ||||1| spa d | ||
| 020 | _a968-16-1196-9 | ||
| 100 | 1 |
_aVázquez, Héctor. _9113361 |
|
| 245 | 1 | 3 |
_aEl estructuralismo, el pensamiento salvaje y la muerte _b: hacia una teoría antropológica del conocimiento / _cHéctor Vázquez. |
| 250 | _a[1ª ed.]. | ||
| 260 |
_aMéxico : _bFondo de Cultura Económica, _c1982. |
||
| 300 |
_a247 p. ; _c18 cm. |
||
| 490 | 1 |
_aBreviarios del fondo de cultura económica ; _v331 |
|
| 830 | 0 |
_aBreviarios del fondo de cultura económica ; _v331 _9179682 |
|
| 852 |
_aES-MaACL _jL-8430 _bR.109131 |
||
| 999 |
_c149463 _d149463 |
||